[Event "Milan Crespi op-B 32nd"]
[Site "Milan"]
[Date "2011.12.11"]
[Round "7"]
[White "Olivieri, Alessandro"]
[Black "Ciciotti, Augusto Walter"]
[Result "1/2-1/2"]
[WhiteElo "1936"]
[BlackElo "1917"]
[PlyCount "99"]
[EventDate "2011.12.07"]
[EventType "swiss"]
[EventRounds "7"]
[EventCountry "ITA"]
[SourceTitle "EXT 2022"]
[Source "ChessBase"]
[SourceDate "2021.10.06"]
[SourceVersion "1"]
[SourceVersionDate "2021.10.06"]
[SourceQuality "1"]

1. d4 Nf6 2. c4 g6 3. g3 Bg7 4. Bg2 0-0 5. Nf3 d6 6. 0-0 Nc6 7. Nc3 a6 8. Qd3 Bd7 9. d5 Nb4 10. Qd1 a5 11. a3 Na6 12. Qc2 c6 13. Nd2 Qc7 14. Nde4 Nxe4 15. Qxe4 e5 16. Qh4 f5 17. Bh6 Bf6 18. Bg5 Qd8 19. Bxf6 Qxf6 20. Qxf6 Rxf6 21. dxc6 Bxc6 22. Bd5+ Kg7 23. b4 Nc7 24. b5 Bxd5 25. Nxd5 Nxd5 26. cxd5 Rff8 27. Rfc1 Rfc8 28. b6 Kf7 29. Rab1 Rc5 30. Rxc5 dxc5 31. Rb5 Rc8 32. Rxa5 c4 33. Rb5 c3 34. Rb1 c2 35. Rc1 Ke7 36. Kf1 Kd6 37. Ke1 Kxd5 38. Kd2 Rc6 39. Rxc2 Rxb6 40. h4 h5 41. Rc3 Rb2+ 42. Ke3 Rb6 43. Kd3 Ra6 44. Rb3 Kc6 45. e4 Ra4 46. exf5 gxf5 47. Rc3+ Kd5 48. Rb3 Kc6 49. Rc3+ Kd6 50. Rb3 1/2-1/2

[Event "Milan Crespi op-B 32nd"]
[Site "Milan"]
[Date "2011.12.11"]
[Round "6"]
[White "Ranfagni, Stefano"]
[Black "Olivieri, Alessandro"]
[Result "0-1"]
[WhiteElo "1998"]
[BlackElo "1936"]
[PlyCount "78"]
[EventDate "2011.12.07"]
[EventType "swiss"]
[EventRounds "7"]
[EventCountry "ITA"]
[SourceTitle "EXT 2022"]
[Source "ChessBase"]
[SourceDate "2021.10.06"]
[SourceVersion "1"]
[SourceVersionDate "2021.10.06"]
[SourceQuality "1"]

1. e4 d6 2. d4 Nf6 3. Nc3 g6 4. f4 Bg7 5. Nf3 c5 6. Bb5+ Bd7 7. Bxd7+ Nfxd7 8. d5 b5 9. 0-0 b4 10. Ne2 Qb6 11. h3 0-0 12. Ng3 Na6 13. Qe2 c4+ 14. Kh2 Qc7 15. Rb1 Nb6 16. Be3 Nc5 17. Bd4 b3 18. axb3 cxb3 19. c3 a5 20. Bxg7 Kxg7 21. Nd4 a4 22. f5 Nbd7 23. fxg6 fxg6 24. Qe3 Nf6 25. Rf4 a3 26. bxa3 Qb7 27. Rh4 Rxa3 28. Rf1 b2 29. Qh6+ Kg8 30. Nh5 Rf7 31. Nf4 b1Q 32. Rxb1 Qxb1 33. Nxg6 Ra1 34. Nxe7+ Rxe7 35. Qxf6 Qg1+ 36. Kg3 Rg7+ 37. Rg4 Rxg4+ 38. Kxg4 Qxg2+ 39. Kf4 Qxe4+ 0-1

[Event "Milan Molinari Memorial 5th"]
[Site "Milan"]
[Date "2011.10.30"]
[Round "4"]
[White "Olivieri, Alessandro"]
[Black "Rossi, Giampiero"]
[Result "1-0"]
[WhiteElo "1936"]
[BlackElo "1902"]
[PlyCount "49"]
[EventDate "2011.10.28"]
[EventType "swiss"]
[EventRounds "6"]
[EventCountry "ITA"]
[SourceTitle "EXT 2014"]
[Source "ChessBase"]
[SourceDate "2013.11.20"]
[SourceVersion "1"]
[SourceVersionDate "2013.11.20"]
[SourceQuality "1"]

1. d4 d5 2. c4 e6 3. Nf3 c6 4. e3 Nf6 5. b3 Nbd7 6. Bb2 Be7 7. Bd3 0-0 8. Qc2 b6 9. 0-0 Bb7 10. Nc3 Rc8 11. Ne5 Qc7 12. f4 Rfd8 13. Rf3 Nf8 14. Raf1 dxc4 15. bxc4 c5 16. Rh3 cxd4 17. Nb5 Qb8 18. Nxd4 Qa8 19. Ng4 h6 20. Rg3 Nxg4 21. Rxg4 Bf6 22. Nc6 Bxb2 23. Qxb2 g6 24. Ne7+ Kh7 25. Qf6 1-0

[Event "Milan Crespi op-B 31th"]
[Site "Milan"]
[Date "2010.12.07"]
[Round "5"]
[White "Orsi, Matteo"]
[Black "Olivieri, Alessandro"]
[Result "1-0"]
[WhiteElo "1954"]
[BlackElo "1937"]
[PlyCount "93"]
[EventDate "2010.12.04"]
[EventType "swiss"]
[EventRounds "7"]
[EventCountry "ITA"]
[SourceTitle "EXT 2024"]
[Source "ChessBase"]
[SourceDate "2023.10.10"]
[SourceVersion "1"]
[SourceVersionDate "2023.10.10"]
[SourceQuality "1"]

1. d4 Nf6 2. Nf3 d6 3. c4 g6 4. Nc3 Bg7 5. e4 0-0 6. h3 e5 7. d5 a5 8. g4 Na6 9. Be3 Nd7 10. g5 Ndc5 11. h4 f5 12. Nd2 fxe4 13. Ndxe4 Bf5 14. Bxc5 Nxc5 15. f3 Bxe4 16. Nxe4 Nxe4 17. fxe4 Rf4 18. Qe2 h6 19. Bh3 hxg5 20. Be6+ Kf8 21. h5 Qf6 22. hxg6 Qxg6 23. Bf5 Qf6 24. 0-0-0 Ke7 25. Rh7 Rh8 26. Qh2 Rh4 27. Rxh8 Rxh8 28. Qc2 b6 29. Qa4 Qf7 30. Qc6 Kf8 31. Qa8+ Qe8 32. Qb7 Qd8 33. Be6 Bf6 34. Rf1 Rh4 35. Bf5 Kg7 36. Qc6 Qe7 37. Qa4 Qd8 38. Qc6 Qe7 39. Kc2 Rh2+ 40. Kb3 Qd8 41. a3 Kh6 42. Ka2 Qe7 43. Qa4 Kg7 44. Qb3 Qf7 45. Qa4 Kh6 46. Qc6 Qg7 47. Qd7 1-0

[Event "Milan Crespi op-B 31th"]
[Site "Milan"]
[Date "2010.12.04"]
[Round "1"]
[White "Olivieri, Alessandro"]
[Black "Trent, Alan M"]
[Result "1-0"]
[WhiteElo "1937"]
[BlackElo "1816"]
[PlyCount "75"]
[EventDate "2010.12.04"]
[EventType "swiss"]
[EventRounds "7"]
[EventCountry "ITA"]
[SourceTitle "EXT 2024"]
[Source "ChessBase"]
[SourceDate "2023.10.10"]
[SourceVersion "1"]
[SourceVersionDate "2023.10.10"]
[SourceQuality "1"]

1. d4 Nf6 2. c4 c5 3. d5 e6 4. Nc3 exd5 5. cxd5 d6 6. g3 g6 7. Bg2 Bg7 8. Nf3 0-0 9. 0-0 a6 10. a4 Re8 11. Nd2 Qc7 12. Nc4 Bf5 13. Bf4 Bf8 14. f3 Bc8 15. e4 Qd8 16. Qd2 Nh5 17. Be3 Nd7 18. f4 Nb6 19. Nxb6 Qxb6 20. b4 Qxb4 21. a5 Bg7 22. e5 dxe5 23. Rfb1 Qc4 24. Bf1 Qxc3 25. Qxc3 exf4 26. Qxc5 fxe3 27. Ra2 Bf5 28. Rd1 Rac8 29. Qb6 Nf6 30. d6 Bd7 31. Qxb7 Bh6 32. Bxa6 Rc5 33. Be2 Rf5 34. a6 Rf2 35. a7 Bh3 36. a8Q Rxa8 37. Qxa8+ Kg7 38. d7 1-0

[Event "Milan Sport&Cultura op"]
[Site "Milan"]
[Date "2010.02.14"]
[Round "5"]
[White "Olivieri, Alessandro"]
[Black "Primerano, Carlo"]
[Result "1-0"]
[WhiteElo "1936"]
[BlackElo "1734"]
[PlyCount "75"]
[EventDate "2010.02.12"]
[EventType "swiss"]
[EventRounds "5"]
[EventCountry "ITA"]
[SourceTitle "EXT 2011"]
[Source "ChessBase"]
[SourceDate "2010.11.26"]
[SourceVersion "1"]
[SourceVersionDate "2010.11.26"]
[SourceQuality "1"]

1. d4 Nf6 2. c4 e6 3. Nc3 Bb4 4. e3 b6 5. Nge2 Bb7 6. a3 Bxc3+ 7. Nxc3 d6 8. Bd3 c5 9. 0-0 0-0 10. dxc5 bxc5 11. b4 Nbd7 12. Nb5 Ne5 13. Nxd6 cxb4 14. axb4 Nxd3 15. Qxd3 Ne4 16. Rd1 Qxd6 17. Qxd6 Nxd6 18. Rxd6 Rfd8 19. Rxd8+ Rxd8 20. Bb2 f6 21. b5 a6 22. b6 Rd2 23. Ba3 Kf7 24. c5 Ke8 25. Kf1 Kd7 26. Ke1 Rc2 27. Rd1+ Ke8 28. Rd6 e5 29. Re6+ Kd8 30. Re7 Kc8 31. Rc7+ Kb8 32. Rxg7 Ra2 33. Rg8+ Bc8 34. c6 Ra1+ 35. Ke2 Rxa3 36. b7 Ra2+ 37. Kf3 e4+ 38. Kxe4 1-0

[Event "Milan Sport&Cultura op"]
[Site "Milan"]
[Date "2010.02.13"]
[Round "3"]
[White "Olivieri, Alessandro"]
[Black "Mariucci, Felice"]
[Result "1-0"]
[WhiteElo "1936"]
[BlackElo "1744"]
[PlyCount "87"]
[EventDate "2010.02.12"]
[EventType "swiss"]
[EventRounds "5"]
[EventCountry "ITA"]
[SourceTitle "EXT 2011"]
[Source "ChessBase"]
[SourceDate "2010.11.26"]
[SourceVersion "1"]
[SourceVersionDate "2010.11.26"]
[SourceQuality "1"]

1. d4 Nf6 2. c4 e6 3. Nc3 Bb4 4. e3 b6 5. Nge2 Bb7 6. a3 Bxc3+ 7. Nxc3 d6 8. Bd3 Nbd7 9. 0-0 0-0 10. b4 Re8 11. e4 e5 12. d5 Nf8 13. Be2 Ng6 14. g3 Bc8 15. Bf3 h6 16. Be3 Bh3 17. Bg2 Qc8 18. f3 Bxg2 19. Kxg2 Qd8 20. Rc1 a5 21. Rf2 axb4 22. axb4 Ra3 23. Ra2 Rxa2+ 24. Nxa2 Qa8 25. Qb3 Nd7 26. Nc3 Ne7 27. Rc2 f5 28. Ra2 Qb8 29. Nb5 fxe4 30. fxe4 Nf6 31. Qc2 Ng6 32. Ra7 Rc8 33. Qd3 h5 34. Bg5 Nh7 35. Qe3 c6 36. dxc6 Rxc6 37. Bh6 Nf4+ 38. gxf4 gxh6 39. Qg3+ Ng5 40. fxg5 h4 41. Qxh4 Rxc4 42. Qg4 Rc2+ 43. Kh3 Qd8 44. Qe6+ 1-0

[Event "Milan Crespi op-B 30th"]
[Site "Milan"]
[Date "2009.12.07"]
[Round "5"]
[White "Silari, Andrea"]
[Black "Olivieri, Alessandro"]
[Result "0-1"]
[WhiteElo "1797"]
[BlackElo "1800"]
[PlyCount "68"]
[EventDate "2009.12.04"]
[EventType "swiss"]
[EventRounds "7"]
[EventCountry "ITA"]
[SourceTitle "EXT 2012"]
[Source "ChessBase"]
[SourceDate "2011.11.24"]
[SourceVersion "1"]
[SourceVersionDate "2011.11.24"]
[SourceQuality "1"]

1. e4 d6 2. d4 Nf6 3. Nc3 g6 4. Nf3 Bg7 5. Bc4 c6 6. a4 0-0 7. 0-0 Nxe4 8. Nxe4 d5 9. Bd3 dxe4 10. Bxe4 Bg4 11. c3 Nd7 12. h3 Nf6 13. Bc2 Be6 14. Bf4 Qb6 15. b4 a5 16. Rb1 Nd5 17. bxa5 Qxa5 18. Bd2 Qc7 19. Ng5 Bd7 20. Re1 c5 21. c4 Nb6 22. dxc5 Nxc4 23. Rxe7 Bf6 24. Re1 Rad8 25. Ne4 Be5 26. Nd6 Nxd6 27. Rxe5 Nc4 28. Re2 Rfe8 29. Qe1 Qxc5 30. Bb4 Qc8 31. Rxe8+ Rxe8 32. Qc3 Nb6 33. Qxc8 Rxc8 34. Be4 Nxa4 0-1

[Event "Milan Crespi op-B 30th"]
[Site "Milan"]
[Date "2009.12.04"]
[Round "1"]
[White "Olivieri, Alessandro"]
[Black "Casartelli, Fabio"]
[Result "1-0"]
[WhiteElo "1800"]
[BlackElo "1908"]
[PlyCount "101"]
[EventDate "2009.12.04"]
[EventType "swiss"]
[EventRounds "7"]
[EventCountry "ITA"]
[SourceTitle "EXT 2012"]
[Source "ChessBase"]
[SourceDate "2011.11.24"]
[SourceVersion "1"]
[SourceVersionDate "2011.11.24"]
[SourceQuality "1"]

1. d4 d5 2. c4 c6 3. cxd5 cxd5 4. Nc3 Nf6 5. Nf3 e6 6. Bf4 Be7 7. e3 a6 8. Bd3 Nc6 9. Rc1 0-0 10. Ne5 Bb4 11. a3 Bxc3+ 12. bxc3 Nxe5 13. Bxe5 b5 14. h4 Ne4 15. f3 Nd6 16. h5 f6 17. h6 fxe5 18. hxg7 Rf7 19. Rxh7 Rxg7 20. Rxg7+ Kxg7 21. dxe5 Qh4+ 22. Ke2 Nc4 23. Qc2 Qg3 24. Rg1 Nxe5 25. Kd1 Bb7 26. Rh1 Rh8 27. Bh7 d4 28. exd4 Bxf3+ 29. Kc1 Qf4+ 30. Kb2 Nc4+ 31. Ka2 Be4 32. Bxe4 Rxh1 33. g3 Qd2 34. Qxd2 Nxd2 35. Bxh1 Nf1 36. Kb3 Nxg3 37. Bb7 a5 38. Bc6 Nf5 39. Bxb5 Nd6 40. Ka4 Ne4 41. c4 Kf6 42. Kxa5 e5 43. d5 Nd6 44. c5 Nb7+ 45. Kb6 Nd8 46. c6 Nf7 47. c7 Nd6 48. Bd7 e4 49. c8Q Nxc8+ 50. Bxc8 Ke5 51. Kc6 1-0